Kolory w Malarstwie - Statystyki

Ogólne statystyki
  • Ten quiz został rozwiązany 11 razy
    8 od ostatniego zresetowania
  • Średni wynik to 3 z 21
Statystyki odpowiedzi
Obrazkowy Odpowiedź % Poprawnych
Chłodne | Zimne
86%
Ciepłe
71%
Neutralne
43%
Czyste
29%
Nienasycone | Stonowane
29%
Nasycone | Intensywne
14%
Szeroka | Bogata
14%
Temperaturowy
14%
Walorowy
14%
Wąska | Uboga
14%
Achromatyzm | Achromatyczne
0%
Analogiczne
0%
Chromatyzm | Chromatyczne
0%
Dominanta | Kolor Dominujący
0%
Koloryt Abstrakcyjny
0%
Koloryt Lokalny
0%
Koloryt Relatywny
0%
Monochromatyzm | Monochromatyczne
0%
Repetycja
0%
Uzupełniające
0%
Złamane
0%
Nie znaleziono quizów pasujących do podanych kryteriów
Rozkład punktacji
Procent ludzi z każdym wynikiem
Percentyl według liczby udzielonych odpowiedzi
Twoja historia wyników
Nie rozwiązałeś tego quizu od ostatniego zresetowania